000
00281nam a2200109Ia 4500
005
20251222113741.0
008
251222s1900||||xx |||||||||||||| ||spa||
082
_a
DVD0080/C36/2007.
245
0
_a
Beyond the gates.
264
_b
Cross Pippa. Meurer Jens. Belton David.
942
_c
DVD
999
_c
621
_d
621